Harry Potter Movie Picture Quiz - Characters #4 - Statistics

General Stats
  • This quiz has been taken 35 times
  • The average score is 12 of 16
Answer Stats
Picture Answer % Correct
Rubeus Hagrid
100%
Fred & George Weasley
97%
Argus Filch
87%
Rita Skeeter
87%
Tom Riddle
87%
Albus Severus Potter
81%
Barty Crouch Sr.
81%
Olympe Maxime
74%
Pomona Sprout
74%
Rolanda Hooch
74%
Amos Diggory
71%
Cormac McLaggen
68%
Gabrielle Delacour
61%
Pius Thicknesse
52%
Mykew Gregorovitch
45%
Reginald Cattermole
35%
No matching quizzes found
Score Distribution
Percent of People with Each Score
Percentile by Number Answered
Your Score History
You have not taken this quiz